Introduction to botany /

Bibliographic Details
Main Author: Bergen, Joseph Young, 1851-1917
Other Authors: Caldwell, Otis W. (Otis William), 1869-1947
Format: Book
Language:English
Published: Boston, New York, [etc.] : Ginn and company, [1914]
Subjects:

MARC

Tag First Indicator Second Indicator Subfields
LEADER 00000cam a2200000 4500
001 in00000045986
005 20151007065249.0
008 750804s1914 mau 00000 eng u
010 |a  14001973  
035 |a (OCoLC)01509640 
035 |9 AAE1637AM 
040 |c FQG  |d TXA  |d UtOrBLW 
049 |a TXAM  |c [19768] 
050 0 0 |a QK47  |b .B522 
092 |a 580  |b B495i 
100 1 |a Bergen, Joseph Young,  |d 1851-1917. 
245 1 0 |a Introduction to botany /  |c by Joseph Y. Bergen ... and Otis W. Caldwell ... 
264 1 |a Boston,  |a New York, [etc.] :  |b Ginn and company,  |c [1914] 
264 4 |c [©1914] 
300 |a viii, 368 pages :  |b frontispiece, illustrations, portraits ;  |c 20 cm. 
336 |a text  |b txt  |2 rdacontent 
337 |a unmediated  |b n  |2 rdamedia 
338 |a volume  |b nc  |2 rdacarrier 
650 0 |a Botany. 
700 1 |a Caldwell, Otis W.  |q (Otis William),  |d 1869-1947. 
999 |a MARS 
999 f f |s 2eb8bb6b-b9f7-30ec-93d1-c253274cb691  |i e6059f43-3004-3f15-9e81-ec64e1220ca7  |t 0 
952 f f |p normal  |a Texas A&M University  |b College Station  |c Sterling C. Evans Library  |d Evans: Library Stacks  |t 0  |e QK47 .B522  |h Library of Congress classification  |i unmediated -- volume  |m A14800983077 
998 f f |a QK47 .B522  |t 0  |l Evans: Library Stacks